Aging and the Heart A Post-Genomic View /

Cardiac aging, like aging in general, is a complex process. Numerous cellular and molecular changes contribute to the expression of the multiple phenotypes of aging, "the different faces" of cardiac aging. In this book, the genetic and molecular basis of cardiovascular aging will be discus...

Full description

Bibliographic Details
Main Authors: Marín-García, José (Author), Goldenthal, Michael J. (Author), Moe, Gordon W. (Author)
Corporate Author: SpringerLink (Online service)
Format: Electronic eBook
Language:English
Published: Boston, MA : Springer US, 2008.
Subjects:
Online Access:Full Text via HEAL-Link
LEADER 03229nam a22004335i 4500
001 978-0-387-74072-0
003 DE-He213
005 20140717051527.0
007 cr nn 008mamaa
008 100301s2008 xxu| s |||| 0|eng d
020 |a 9780387740720  |9 978-0-387-74072-0 
024 7 |a 10.1007/978-0-387-74072-0  |2 doi 
040 |d GrThAP 
050 4 |a RC681-688.2 
072 7 |a MJD  |2 bicssc 
072 7 |a MED010000  |2 bisacsh 
082 0 4 |a 616.12  |2 23 
100 1 |a Marín-García, José.  |e author. 
245 1 0 |a Aging and the Heart  |h [electronic resource] :  |b A Post-Genomic View /  |c by José Marín-García, Michael J. Goldenthal, Gordon W. Moe. 
264 1 |a Boston, MA :  |b Springer US,  |c 2008. 
300 |a XVIII, 568 p.  |b online resource. 
336 |a text  |b txt  |2 rdacontent 
337 |a computer  |b c  |2 rdamedia 
338 |a online resource  |b cr  |2 rdacarrier 
347 |a text file  |b PDF  |2 rda 
505 0 |a to a Post-Genomic View of Aging and the Aging Heart -- Post-Genomic View of Aging: Definitions, Theories and Observations -- Overview of Cardiovascular Aging -- Methodologies, Cardiac Phenotypes and Adaptation -- Molecular and Cellular Methodologies: A Primer -- Molecular and Cellular Phenotypes of Cardiovascular Aging -- Aging of the Cardiovasculature and Related Systems -- Aging of the Vasculature and Related Systems -- Aging and the Cardiovascular-Related Systems -- Cardiovascular Diseases in Aging -- Cardiomyopathy and Heart Failure in Aging -- Atherosclerosis, Hypertension and Aging -- Metabolic Syndrome, Diabetes and Cardiometabolic Risks in Aging -- Gender and Cardiovascular Diseases in Aging -- Cardiac Dysrhythmias and Channelopathies in Aging -- Genetics -- Genetics of Life Span: Lessons from Model Organisms -- Profiling the Aging Cardiovascular System: Transcriptional, Proteomic, SNPs, Gene Mapping and Epigenetics Analysis -- Therapies -- Translational Research: Gene, Pharmacogenomics and Cell-Based Therapy in the Aging Heart -- Nutrition and Exercise in Cardiovascular Aging: Metabolic and Pharmacological Interventions -- The Future of Aging Research -- Aging and the Frontier Ahead. 
520 |a Cardiac aging, like aging in general, is a complex process. Numerous cellular and molecular changes contribute to the expression of the multiple phenotypes of aging, "the different faces" of cardiac aging. In this book, the genetic and molecular basis of cardiovascular aging will be discussed. In addition, a comprehensive assessment of the bioenergetic changes that occur in human and animal models of cardiac aging as well as current diagnostic and future therapeutic modalities will be undertaken. José Marín-García is Director, The Molecular Cardiology and Neuromuscular Institute, Highland Park, New Jersey. 
650 0 |a Medicine. 
650 0 |a Cardiology. 
650 1 4 |a Medicine & Public Health. 
650 2 4 |a Cardiology. 
700 1 |a Goldenthal, Michael J.  |e author. 
700 1 |a Moe, Gordon W.  |e author. 
710 2 |a SpringerLink (Online service) 
773 0 |t Springer eBooks 
776 0 8 |i Printed edition:  |z 9780387740713 
856 4 0 |u http://dx.doi.org/10.1007/978-0-387-74072-0  |z Full Text via HEAL-Link 
912 |a ZDB-2-SME 
950 |a Medicine (Springer-11650)